| 000 | 01200nam a22002297a 4500 | ||
|---|---|---|---|
| 005 | 20210325205837.0 | ||
| 008 | s2554 th ||||| |||| 00| 0 tha d | ||
| 020 | _a9786167290478 | ||
| 050 | _aF869.S3 ป146ซ 2554 | ||
| 100 | 0 | _aปณธาดา ราชกิจ | |
| 245 | 1 | 0 | _aซานฟรานซิสโก คู่มือท่องเที่ยวอเมริกาด้วยตัวเอง |
| 246 | _aซานฟรานซิสโก (คู่มือเดินทางท่องเที่ยว) | ||
| 260 | 3 |
_aกรุงเทพฯ : _bวงกลม, _c2554 |
|
| 300 |
_a240 หน้า : _b ภาพประกอบ ; _c 18 ซม. |
||
| 650 | 0 | 4 | _aสหรัฐอเมริกา -- ภูมิประเทศและการท่องเที่ยว |
| 650 | 0 | 4 | _aซานฟรานซิสโก -- ภูมิประเทศและการท่องเที่ยว |
| 850 | _aNALT | ||
| 942 | _cGB | ||
| 997 | _a39720 ฉ.1 /39721 ฉ.2 | ||
| 997 | _c000000000064607 | ||
| 998 | _aนางสุกัญญา กัลยา | ||
| 999 |
_c64607 _d64607 |
||